000 00209 a2200097 4500
020 _a9780439683739
041 _aeng
100 _aLavigna Coyle, Carmela
245 _aDo princess wear hiking boots
942 _cBK
999 _c30096
_d30094